Cámpora /
Guardado en:
| Autor Corporativo: | |
|---|---|
| Formato: | |
| Series: | Crónicas de Archivo
|
| Materias: | |
| Etiquetas: |
Agregar Etiqueta
Sin Etiquetas, Sea el primero en etiquetar este registro!
|
| LEADER | 00961ngm a22002415g 4500 | ||
|---|---|---|---|
| 001 | CEM.cems022987 | ||
| 008 | 130507b2010##################0###0#####d | ||
| 005 | 20241128154243.0 | ||
| 245 | 1 | 0 | |a Cámpora / |c Canal Encuentro. |
| 300 | |a 29'. | ||
| 490 | 0 | |a Crónicas de Archivo | |
| 500 | |a En soporte VHS, consultar en ventanilla. | ||
| 505 | 0 | |a La llegada de Cámpora. Vínculos con la juventud peronista. Operativo retorno. Su función como delegado de Perón. Campaña electoral de Cámpora. Asunción presidencial de Cámpora. Ezeiza. Caída de Cámpora y exilio en México. | |
| 538 | |a Soporte: VHS - Norma: Pal N - Color: Si - Grabación DRD 2010 - Hitachi=3620 | ||
| 110 | 2 | |a Canal Encuentro. | |
| 082 | 9 | 8 | |/ CRO |
| 653 | |a HISTORIA ARGENTINA | ||
| 653 | |a CAMPORA | ||
| 653 | |a PERON | ||
| 653 | |a JUVENTUD PERONISTA | ||
| 653 | |a NIVEL PRIMARIO | ||
| 653 | |a NIVEL SECUNDARIO | ||
| 859 | |a CEMS |b BIB. CEMS - Depto. Recursos Didacticos |h 982 |i CRO |k DRD |p 1630.12 |t Ej.1 | ||
